| 000 -LEADER |
| fixed length control field |
01492 a2200337 4500 |
| 003 - CONTROL NUMBER IDENTIFIER |
| control field |
Nust |
| 005 - DATE AND TIME OF LATEST TRANSACTION |
| control field |
20170207154043.0 |
| 010 ## - LIBRARY OF CONGRESS CONTROL NUMBER |
| LC control number |
2007037321 |
| 020 ## - INTERNATIONAL STANDARD BOOK NUMBER |
| International Standard Book Number |
9780470017616 (pbk.) |
| 035 ## - SYSTEM CONTROL NUMBER |
| System control number |
(OCoLC)171049895 |
| 035 ## - SYSTEM CONTROL NUMBER |
| System control number |
(OCoLC)ocn171049895 |
| 040 ## - CATALOGING SOURCE |
| Transcribing agency |
Nust |
| 082 00 - DEWEY DECIMAL CLASSIFICATION NUMBER |
| Classification number |
519.544 |
| 100 1# - MAIN ENTRY--PERSONAL NAME |
| Personal name |
Bosq, Denis, |
| 245 10 - TITLE STATEMENT |
| Title |
Inference and prediction in large dimensions -(E-BOOK) |
| Statement of responsibility, etc. |
Denis Bosq, Delphine Blanke. |
| 260 ## - PUBLICATION, DISTRIBUTION, ETC. |
| Place of publication, distribution, etc. |
Chichester, England ; |
| -- |
Hoboken, NJ : |
| Name of publisher, distributor, etc. |
John Wiley/Dunod, |
| Date of publication, distribution, etc. |
c2007. |
| 300 ## - PHYSICAL DESCRIPTION |
| Extent |
x, 316 p. : |
| Other physical details |
ill. ; |
| Dimensions |
24 cm. |
| 440 #0 - SERIES STATEMENT/ADDED ENTRY--TITLE |
| Title |
Wiley series in probability and statistics |
| 500 ## - GENERAL NOTE |
| General note |
"This work is in the Wiley-Dunod Series co-published between Dunod and John Wiley & Sons, Ltd." |
| 505 ## - FORMATTED CONTENTS NOTE |
| Formatted contents note |
Part I Statistical Prediction Theory (Page-5) Part II Inference by Projection (Page-61) Part III Inference by Kernels (Page-131) Part IV Local Time (Page-207) Part V Linear Processes in High Dimensions (Page-227) |
| 650 #0 - SUBJECT ADDED ENTRY--TOPICAL TERM |
| Topical term or geographic name entry element |
Estimation theory. |
| 650 #0 - SUBJECT ADDED ENTRY--TOPICAL TERM |
| Topical term or geographic name entry element |
Nonparametric statistics. |
| 650 #0 - SUBJECT ADDED ENTRY--TOPICAL TERM |
| Topical term or geographic name entry element |
Prediction theory. |
| 650 #0 - SUBJECT ADDED ENTRY--TOPICAL TERM |
| Topical term or geographic name entry element |
Stochastic processes. |
| 651 ## - SUBJECT ADDED ENTRY--GEOGRAPHIC NAME |
| Geographic name |
E-BOOK |
| 700 1# - ADDED ENTRY--PERSONAL NAME |
| Personal name |
Blanke, Delphine. |
| 710 2# - ADDED ENTRY--CORPORATE NAME |
| Corporate name or jurisdiction name as entry element |
Dunod (Firm) |
| 856 42 - ELECTRONIC LOCATION AND ACCESS |
| Materials specified |
Contributor biographical information |
| Uniform Resource Identifier |
<a href="http://www.loc.gov/catdir/enhancements/fy0804/2007037321-b.html">http://www.loc.gov/catdir/enhancements/fy0804/2007037321-b.html</a> |
| 856 42 - ELECTRONIC LOCATION AND ACCESS |
| Materials specified |
Publisher description |
| Uniform Resource Identifier |
<a href="http://www.loc.gov/catdir/enhancements/fy0743/2007037321-d.html">http://www.loc.gov/catdir/enhancements/fy0743/2007037321-d.html</a> |
| 856 42 - ELECTRONIC LOCATION AND ACCESS |
| Materials specified |
Table of contents only |
| Uniform Resource Identifier |
<a href="http://www.loc.gov/catdir/enhancements/fy0806/2007037321-t.html">http://www.loc.gov/catdir/enhancements/fy0806/2007037321-t.html</a> |
| 942 ## - ADDED ENTRY ELEMENTS (KOHA) |
| Source of classification or shelving scheme |
|
| Koha item type |
Book |